Hey world, here I am! / (Record no. 885)

MARC details
000 -LEADER
fixed length control field 01129nam a22003137a 4500
005 - DATE AND TIME OF LATEST TRANSACTION
control field 20230713133435.0
020 ## - INTERNATIONAL STANDARD BOOK NUMBER
International Standard Book Number 0060239891 :
Terms of availability $10.95
020 ## - INTERNATIONAL STANDARD BOOK NUMBER
International Standard Book Number 0060240067 (lib. bdg.) :
Terms of availability $10.89
040 ## - CATALOGING SOURCE
Original cataloging agency DLC
Transcribing agency DLC
Modifying agency DLC
Language of cataloging eng
050 00 - LIBRARY OF CONGRESS CALL NUMBER
Classification number PR9199.3.L555
Item number H48 1989
082 00 - DEWEY DECIMAL CLASSIFICATION NUMBER
Classification number 811/.54
Edition number 19
100 1# - MAIN ENTRY--PERSONAL NAME
Personal name Little, Jean,
Dates associated with a name 1932-
245 10 - TITLE STATEMENT
Title Hey world, here I am! /
Statement of responsibility, etc. Jean Little ; illustrations by Sue Truesdell.
250 ## - EDITION STATEMENT
Edition statement First Harper Trophy edition, 1990.
260 ## - PUBLICATION, DISTRIBUTION, ETC.
Place of publication, distribution, etc. New York :
Name of publisher, distributor, etc. Harper Trophy,
Date of publication, distribution, etc. 1990.
300 ## - PHYSICAL DESCRIPTION
Extent 88 pages :
Other physical details illustrations ;
Dimensions 20 cm.
505 ## - FORMATTED CONTENTS NOTE
Formatted contents note N <br/>
520 ## - SUMMARY, ETC.
Summary, etc. A collection of poems and brief vignettes from the perspective of a girl named Kate Bloomfield, reflecting her views on friendship, school, family life, and the world.
521 ## - TARGET AUDIENCE NOTE
Target audience note 570 <br/>
Source Lexile <br/>
521 ## - TARGET AUDIENCE NOTE
Target audience note N <br/>
Source Raz-Plus <br/>
650 #0 - SUBJECT ADDED ENTRY--TOPICAL TERM
Topical term or geographic name entry element Children's poetry, Canadian.
650 #1 - SUBJECT ADDED ENTRY--TOPICAL TERM
Topical term or geographic name entry element Canadian poetry.
650 #1 - SUBJECT ADDED ENTRY--TOPICAL TERM
Topical term or geographic name entry element Short stories.
700 1# - ADDED ENTRY--PERSONAL NAME
Personal name Truesdell, Sue,
Relator term illustrator.
906 ## - LOCAL DATA ELEMENT F, LDF (RLIN)
a 7
b cbc
c orignew
d 1
e ocip
f 19
g y-gencatlg
942 ## - ADDED ENTRY ELEMENTS (KOHA)
Source of classification or shelving scheme Dewey Decimal Classification
Koha item type Books
Suppress in OPAC No
999 ## -
-- 885
-- 885
Holdings
Withdrawn status Lost status Source of classification or shelving scheme Damaged status Not for loan Collection Home library Current library Shelving location Date acquired Total Checkouts Full call number Barcode Date last seen Date last checked out Price effective from Koha item type
    Dewey Decimal Classification     Juvenile Fiction Footprints International School Library Network Toul Kork Campus Footprints International School Library Network Toul Kork Campus TK Primary Library Room(4th Floor), Bookcase 3&4, Shelves 17-32, Yellow Books 07/13/2023 2 LIT 811.54 PR9199.L555 FISTK00192 11/02/2023 10/26/2023 07/13/2023 Books